Ven. Cardinalis Roberti Bellarmini politani S. J. opera omnia ex editione veneta, pluribus tum additis tum correctis, iterum edidit Justinus Fèvre, protonotarius apostolicus

Detalles Bibliográficos
Autor principal: Roberto Francesco Romolo Bellarmino, santo, 1542-1621
Formato: Libro
Lenguaje:Latin
Publicado: Parisiis : apud Ludovicum Vivès, editorem via dicta Delambre, 13, 1870-
Materias:
Colección:Banco de datos
Acervo:Universidad Autónoma Benito Juárez de Oaxaca. Biblioteca Francisco de Burgoa. Colección histórica
Descripción Física:t. ; 26.5 cm.
Tema general:Historia eclesiástica
Notas:Portada tipográfica con monograma del editor y pleca. Texto a dos columnas con paginación en números arábigos y romanos y notas a pie de página. Cada tomo con portada y numeración propias. Año de los t. 1 y 3 publicados en 1870; t. 11: 1891. Paginación: t. 1 XV, 623 p.; t. 3 623 p.; t. 11 495 p. Propiedad intelectual: Laon.- Imprimerie et stéréotypie H. de Coquet et cie. Encuadernación en cartón con lomo en piel (6553-6555)
LEADER 01478nam a22002050004500
035 |a 708 
041 0 |a lat 
100 1 |a Roberto Francesco Romolo Bellarmino, santo, 1542-1621 
245 1 0 |a Ven. Cardinalis Roberti Bellarmini politani S. J. opera omnia ex editione veneta, pluribus tum additis tum correctis, iterum edidit Justinus Fèvre, protonotarius apostolicus 
260 |a Parisiis : apud Ludovicum Vivès, editorem via dicta Delambre, 13, 1870- 
300 |a  t. ; 26.5 cm. 
500 |a Portada tipográfica con monograma del editor y pleca. Texto a dos columnas con paginación en números arábigos y romanos y notas a pie de página. Cada tomo con portada y numeración propias. Año de los t. 1 y 3 publicados en 1870; t. 11: 1891. Paginación: t. 1 XV, 623 p.; t. 3 623 p.; t. 11 495 p. Propiedad intelectual: Laon.- Imprimerie et stéréotypie H. de Coquet et cie. Encuadernación en cartón con lomo en piel (6553-6555) 
504 |a Al final de los t. 1 y 3 está el índice de libros y capítulos 
505 0 0 |a t. 11 Explanatio in Psalmos 
600 1 4 |a Roberto Francesco Romolo Bellarmino, santo, 1542-1621-Obras 
650 1 0 |a Historia eclesiástica 
852 |a Universidad Autónoma "Benito Juárez" de Oaxaca, Biblioteca Francisco de Burgoa, Colección histórica t. 1 (6553); t. 3 (6554); t. 11 (6555) 
942 |c BURHIS 
943 |g Universidad Autónoma Benito Juárez de Oaxaca. Biblioteca Francisco de Burgoa. Colección histórica 
999 |c 1119210  |d 1119210